00000000nam##2200000za#4500
0019.681429
003CaOODSP
00520200330070848
007ta
008150407|2001||||xxc|||||     f|0| 0 fre|d
020 |a0-660-96499-6
040 |aCaOODSP|bfre
043 |an-cn---
0861 |aF2-154/2001F
1101 |aCanada. |bMinistère des finances.
24510|aModifications de la Loi sur la taxe d'accise: notes explicatives / |cPublié par le ministre des Finances.
260 |aOttawa - Ontario : |bFinances Canada |c2001.
300 |a84p. ; |c23 cm.
563 |aCouverture souple
590 |a01-10|b2001-03-09
69107|aDouanes|2gcpds
69107|aAmendement|2gcpds
77508|tAmendments to the Excise Tax Act : |w(CaOODSP)9.648048
7760#|tModifications de la Loi sur la taxe d'accise |w(CaOODSP)9.640569